Possibilities of increasing crepe rubber production and the implications thereof (Record no. 65330)

MARC details
000 -LEADER
fixed length control field 00374nam a2200121Ia 4500
100 ## - MAIN ENTRY--AUTHOR NAME
Personal name Thompson M W
245 #0 - TITLE STATEMENT
Title Possibilities of increasing crepe rubber production and the implications thereof
260 ## - PUBLICATION, DISTRIBUTION, ETC. (IMPRINT)
Name of publisher Rubber Research Institute of Sri Lanka Bulletin
Year of publication 1974
300 ## - PHYSICAL DESCRIPTION
Number of Pages 25-27
650 ## - SUBJECT ADDED ENTRY--TOPICAL TERM
Topical Term Crepe rubber
942 ## - ADDED ENTRY ELEMENTS (KOHA)
Koha item type Journals
Holdings
Withdrawn status Lost status Damaged status Not for loan Home library Current library Shelving location Date acquired Serial Enumeration / chronology Koha item type
      Journals RRII Library RRII Library Rubber chemistry 17/12/2021 Volume 9, Issue 04-Mar Journals